| 000 | 00387cam a22001097a 4500 | ||
|---|---|---|---|
| 008 | 180718b1968 xxu||||| |||| 00| 0 eng d | ||
| 082 | _aR06x54 In2 56 Re-w | ||
| 245 |
_aReport of the study group on industrial relations (western region) _cby National Commission On Labour |
||
| 260 |
_aDelhi _bManager Of Publications _c1968 |
||
| 300 | _a45p. | ||
| 700 | _aIndia.National Commission On Labour | ||
| 999 |
_c496043 _d496043 |
||